Vplyv pandémie Covid-19 na dostupnosť drog v Európe a na zdravotnú starostlivosť o ľudí so závislosťou

Bibliographic Details
Main Author: Patarák, Michal, 1981- (Author)
Format: Article
Language:Slovak
ISSN:0862-0350
Subjects:

MARC

LEADER 00000nab a2200000 4500
001 vtls012068861
003 SK-MaSNL
005 20260304195319.0
008 210916|2021 xo |||| ||n ||00 0|slo
015 |a SNBRB2021/09 
040 |a SPKCL  |b slo  |e rda 
041 |a slo 
043 |a e- - - - 
044 |a xo  |c SK 
072 7 |a 616.89  |x Psychiatria  |2 konspekt 
080 |a 616.89  |2 2011 
080 |a 616-036.21  |2 2011 
100 1 |a Patarák, Michal,  |d 1981-  |4 aut  |9 161553 
245 1 0 |a Vplyv pandémie Covid-19 na dostupnosť drog v Európe a na zdravotnú starostlivosť o ľudí so závislosťou  |c Michal Patarák 
336 |a text  |b txt  |2 rdacontent 
337 |a bez média  |b n  |2 rdamedia 
338 |a zväzok  |b nc  |2 rdacarrier 
504 |a Obsahuje bibliografiu 
650 0 7 |a pandémie  |2 SNKPH  |9 59320 
650 0 7 |a COVID-19  |2 SNKPH  |9 201532 
650 0 7 |a drogy  |2 SNKPH  |9 1552 
650 0 7 |a patologické závislosti  |2 SNKPH  |9 67667 
651 7 |a Európa  |2 SNKPHgeo  |9 167569 
773 0 |t Alkoholizmus a drogové závislosti  |g Roč. 56, č. 2 (2021), s. 104-108  |x 0862-0350 
958 |a NB 
999 |c 3080913  |d 3082843